000 00602nam a22002177a 4500
003 URS
005 20250828100452.0
008 250403b ||||| |||| 00| 0 eng d
040 _cURS
050 _aDS689.M7
_b.P263 1978
100 _912085
_aPascual, Timoteo J.
245 _aMorong's 400 years
264 _aMorong, Rizal
_bMorong's 400 Years Publication Committee
_c©1978
300 _a202 pages.,:
336 _2rdacontent
_atext
337 _2rdamedia
_aunmediated
338 _2rdacarrier
_avolume
650 0 _912086
_aMorong
_xHistory
650 0 _912087
_aRizal
_xHistory
942 _2lcc
_cF
999 _c84686
_d84684